000
00280nam a22001097a 4500
041
_a
eng
080
_a
80
100
_a
Рудакова, И. Ф.
245
_a
Учебный русско-англо-французско-немецко сл....
650
_a
German
999
_c
281564
_d
281564
942
_c
BK